| 000 | 00778nam a22002057a 4500 | ||
|---|---|---|---|
| 003 | BD-DhUL | ||
| 005 | 20180418113344.0 | ||
| 008 | 180418s2018 bg ||||| |||| 00| 0 ben | ||
| 020 | _a9789849326984 | ||
| 040 |
_aBD-DhUL _cBD-DhUL |
||
| 082 |
_222 _a891.44301 _bSIM |
||
| 100 | _aশিমু, নাহিদা ইয়াসমিন | ||
| 245 |
_aমুক্তিযুদ্ধ ও কিশোর গল্প : _b মুক্তি / _cনাহিদা ইয়াসমিন শিমু । |
||
| 260 |
_aঢাকা : _bশব্দশিল্প, _c২০১৮ । |
||
| 300 |
_a১১১ পৃ. ; _c২২ সেমি |
||
| 365 |
_aBDT _b200 |
||
| 650 | 0 | _aবাংলা ছোট গল্প | |
| 650 | 0 | _aBengali short story | |
| 942 |
_2ddc _cBK |
||
| 999 |
_c240515 _d240515 |
||